000 00652nam a2200133Ia 4500
008 171212s9999 xx 000 0 und d
020 _a9780833079107
100 _aSamaras, Constantine;Willis, Henry H.
245 _cSamaras, Constantine;Willis, Henry H.
_aCapabilities-Based Planning for Energy Security at Department of Defense Installations
260 _bRAND Corporation
_c2013
650 _aBusiness
650 _aUnited States. Dept. of Defense -- Energy consumption; United States. Dept. of Defense -- Energy conservation; Strategic planning -- United States; Energy policy -- United States
856 _uwww.jstor.org/stable/10.7249/j.ctt2jc9g1
999 _c351832
_d351832